[Event "Bundesliga 9596"]
[Site "Deutschland"]
[Date "1995.??.??"]
[Round "?.8"]
[White "Bucka, Reinhard"]
[Black "Lentrodt, Thomas"]
[Result "1-0"]
[WhiteElo "2150"]
[BlackElo "2265"]
[PlyCount "174"]
[EventDate "1995.10.??"]
[EventType "team"]
[EventRounds "15"]
[EventCountry "GER"]
[SourceTitle "Bundesliga 9596"]
[Source "DeepChess"]
[SourceDate "2005.01.01"]
[SourceVersion "1"]
[SourceVersionDate "2005.01.01"]
[SourceQuality "1"]
[WhiteTeam "SC 1868 Bamberg e.V."]
[BlackTeam "Muenchener SC 1836 e.V."]
[WhiteTeamCountry "GER"]
[BlackTeamCountry "GER"]

1. c4 Nf6 2. Nc3 d5 3. cxd5 Nxd5 4. Nf3 c5 5. g3 Nc6 6. Bg2 g6 7. O-O Bg7 8.
Qb3 Nc7 9. d3 O-O 10. Be3 Ne6 11. Rac1 Rb8 12. Ng5 Nxg5 13. Bxg5 Nd4 14. Qa3
Ne6 15. Be3 a6 16. Bxc5 Nxc5 17. Qxc5 Bg4 18. Qe3 Be6 19. Qd2 b5 20. b4 f5 21.
e3 Qd6 22. a3 Bc4 23. Rfd1 Rfd8 24. Qb2 Bf7 25. d4 e5 26. dxe5 Qxe5 27. Qe2
Rbc8 28. Rxd8+ Rxd8 29. Nd1 Bc4 30. Qc2 Qd6 31. h4 Qd2 32. Qxd2 Rxd2 33. Bb7
Rd3 34. a4 bxa4 35. Rxc4 Rxd1+ 36. Kg2 a3 37. Bxa6 Bb2 38. Rc8+ Kg7 39. Bc4 Rc1
40. Rg8+ Kf6 41. Bb3 Rc7 42. Ra8 Rb7 43. Ra4 Ke7 44. Kf3 Kd6 45. Ke2 Bc3 46.
Rxa3 Bxb4 47. Ra6+ Ke7 48. h5 Bc3 49. Bd5 Rd7 50. e4 fxe4 51. Bxe4 gxh5 52. Rh6
Kf8 53. Bxh7 Rd5 54. Be4 Re5 55. f3 Kg7 56. Rh7+ Kf6 57. Rh6+ Kg7 58. Rc6 Bb4
59. Rc4 Be7 60. f4 Ra5 61. Rc7 Kf6 62. Rc6+ Kg7 63. Rg6+ Kf7 64. f5 Bf6 65. Bd3
Ra4 66. Kf3 Ra3 67. Ke3 Ra4 68. Be2 Ra3+ 69. Ke4 Ra4+ 70. Ke3 Ra3+ 71. Bd3 Ra4
72. Be4 Ra5 73. Kf3 Be5 74. Kg2 Rb5 75. Bc6 Rb2+ 76. Kh3 Rd2 77. Re6 Bf6 78.
Be8+ Kg7 79. Bxh5 Rd7 80. Kg4 Rd4+ 81. Kf3 Rd3+ 82. Kg2 Rd2+ 83. Be2 Rd7 84.
Kf3 Re7 85. Rc6 Ra7 86. g4 Ra3+ 87. Kf4 Ra4+ 1-0

[Event "Bundesliga 9596"]
[Site "Deutschland"]
[Date "1996.??.??"]
[Round "?.2"]
[White "Gabriel, Christian"]
[Black "Atlas, Valeri"]
[Result "1/2-1/2"]
[WhiteElo "2510"]
[BlackElo "2440"]
[PlyCount "76"]
[EventDate "1995.10.??"]
[EventType "team"]
[EventRounds "15"]
[EventCountry "GER"]
[SourceTitle "Bundesliga 9596"]
[Source "DeepChess"]
[SourceDate "2005.01.01"]
[SourceVersion "1"]
[SourceVersionDate "2005.01.01"]
[SourceQuality "1"]
[WhiteTeam "SG 1868 Aljech. Solingen"]
[BlackTeam "Muenchener SC 1836 e.V."]
[WhiteTeamCountry "GER"]
[BlackTeamCountry "GER"]

1. d4 Nf6 2. c4 e6 3. Nc3 Bb4 4. Qc2 c5 5. dxc5 Bxc5 6. Nf3 Qc7 7. g3 a6 8. Bg2
Be7 9. b3 O-O 10. Bb2 d6 11. O-O Nbd7 12. Nd4 Ne5 13. Rfd1 Bd7 14. e3 Rac8 15.
Rac1 Qb8 16. Qe2 Rfe8 17. h3 Nc6 18. Nf3 Na7 19. Ng5 b5 20. Nce4 Nxe4 21. Nxe4
Red8 22. Ba3 Bc6 23. f4 bxc4 24. bxc4 f5 25. Rb1 Qc7 26. Nd2 Bxg2 27. Qxg2 d5
28. Bxe7 Qxe7 29. cxd5 Rc2 30. Qf1 Qc5 31. Qf3 Rxa2 32. Rbc1 Qxd5 33. Nc4 Qxf3
34. Rxd8+ Kf7 35. Ne5+ Ke7 36. Nxf3 Kxd8 37. Nd4 Kd7 38. Rb1 Nb5 1/2-1/2

[Event "Bundesliga 9596"]
[Site "Deutschland"]
[Date "1996.??.??"]
[Round "?.3"]
[White "Pezerovic, Edin"]
[Black "Chandler, Murray G"]
[Result "1/2-1/2"]
[WhiteElo "2405"]
[BlackElo "2535"]
[PlyCount "32"]
[EventDate "1995.10.??"]
[EventType "team"]
[EventRounds "15"]
[EventCountry "GER"]
[SourceTitle "Bundesliga 9596"]
[Source "DeepChess"]
[SourceDate "2005.01.01"]
[SourceVersion "1"]
[SourceVersionDate "2005.01.01"]
[SourceQuality "1"]
[WhiteTeam "Muenchener SC 1836 e.V."]
[BlackTeam "SG 1868 Aljech. Solingen"]
[WhiteTeamCountry "GER"]
[BlackTeamCountry "GER"]

1. Nf3 d5 2. d4 c5 3. c3 Nc6 4. e3 e6 5. Bd3 Nf6 6. Nbd2 Bd6 7. O-O O-O 8. dxc5
Bxc5 9. e4 e5 10. exd5 Qxd5 11. Bc4 Qd8 12. Qe2 Qc7 13. Ne4 Be7 14. Bg5 Nh5 15.
Rfe1 h6 16. Bxe7 Qxe7 1/2-1/2

[Event "Bundesliga 9596"]
[Site "Deutschland"]
[Date "1996.??.??"]
[Round "?.4"]
[White "Bischoff, Klaus"]
[Black "Sandor, Christian"]
[Result "1-0"]
[WhiteElo "2520"]
[BlackElo "2380"]
[PlyCount "53"]
[EventDate "1995.10.??"]
[EventType "team"]
[EventRounds "15"]
[EventCountry "GER"]
[SourceTitle "Bundesliga 9596"]
[Source "DeepChess"]
[SourceDate "2005.01.01"]
[SourceVersion "1"]
[SourceVersionDate "2005.01.01"]
[SourceQuality "1"]
[WhiteTeam "SG 1868 Aljech. Solingen"]
[BlackTeam "Muenchener SC 1836 e.V."]
[WhiteTeamCountry "GER"]
[BlackTeamCountry "GER"]

1. c4 c5 2. Nc3 g6 3. g3 Bg7 4. Bg2 Nc6 5. b3 d6 6. Bb2 e5 7. e3 Nge7 8. d3 Be6
9. Nd5 Rb8 10. Ne2 a6 11. Qd2 O-O 12. Nec3 Nc8 13. h4 h6 14. h5 g5 15. f4 f5
16. O-O-O b5 17. fxg5 b4 18. Ne2 Qxg5 19. Nc7 Bd7 20. Bd5+ Kh8 21. Bxc6 Bxc6
22. Ne6 Qf6 23. Nxf8 Qxf8 24. Rhf1 Bg2 25. Nf4 exf4 26. Qxg2 fxg3 27. Rf3 1-0

[Event "Bundesliga 9596"]
[Site "Deutschland"]
[Date "1996.??.??"]
[Round "?.6"]
[White "Reeh, Oliver"]
[Black "Riedel, Wolfgang"]
[Result "1-0"]
[WhiteElo "2450"]
[BlackElo "2350"]
[PlyCount "79"]
[EventDate "1995.10.??"]
[EventType "team"]
[EventRounds "15"]
[EventCountry "GER"]
[SourceTitle "Bundesliga 9596"]
[Source "DeepChess"]
[SourceDate "2005.01.01"]
[SourceVersion "1"]
[SourceVersionDate "2005.01.01"]
[SourceQuality "1"]
[WhiteTeam "SG 1868 Aljech. Solingen"]
[BlackTeam "Muenchener SC 1836 e.V."]
[WhiteTeamCountry "GER"]
[BlackTeamCountry "GER"]

1. e4 e5 2. Nf3 Nc6 3. Bb5 a6 4. Ba4 Nf6 5. O-O Be7 6. Re1 b5 7. Bb3 d6 8. a4
Bg4 9. c3 O-O 10. d3 Na5 11. Bc2 c5 12. Nbd2 Qc7 13. h3 Bd7 14. Nf1 b4 15. cxb4
cxb4 16. d4 Rfc8 17. Ne3 Nc6 18. Nd5 Nxd5 19. exd5 Nd8 20. Bd3 f6 21. Bd2 a5
22. Qb1 h6 23. Bh7+ Kh8 24. Bxh6 gxh6 25. Qg6 Nb7 26. Qxh6 Bf8 27. Qxf6+ Bg7
28. Qh4 Qd8 29. Ng5 Qf6 30. Bf5+ Bh6 31. Qxh6+ Qxh6 32. Nf7+ Kg7 33. Nxh6 Bxf5
34. Nxf5+ Kf6 35. Nxd6 Nxd6 36. dxe5+ Kf5 37. exd6 Rc2 38. Rac1 Rxb2 39. d7 Rd8
40. Rc7 1-0

[Event "Bundesliga 9596"]
[Site "Deutschland"]
[Date "1996.??.??"]
[Round "?.7"]
[White "Schmidt, Gerhardt"]
[Black "Podzielny, Karl Heinz"]
[Result "1-0"]
[WhiteElo "2240"]
[BlackElo "2465"]
[PlyCount "126"]
[EventDate "1995.10.??"]
[EventType "team"]
[EventRounds "15"]
[EventCountry "GER"]
[SourceTitle "Bundesliga 9596"]
[Source "DeepChess"]
[SourceDate "2005.01.01"]
[SourceVersion "1"]
[SourceVersionDate "2005.01.01"]
[SourceQuality "1"]
[WhiteTeam "Muenchener SC 1836 e.V."]
[BlackTeam "SG 1868 Aljech. Solingen"]
[WhiteTeamCountry "GER"]
[BlackTeamCountry "GER"]

1. e4 c5 2. Nf3 e6 3. d4 cxd4 4. Nxd4 a6 5. Bd3 Nf6 6. c4 Qc7 7. O-O d6 8. Nc3
Nbd7 9. Be3 Be7 10. Rc1 h5 11. f3 Rg8 12. Kh1 g5 13. Qd2 Ne5 14. Be2 Nfd7 15.
Rfd1 h4 16. Bf1 b6 17. Rc2 Nf8 18. Rdc1 Qb7 19. Be2 Bd7 20. b3 Rc8 21. Bf1 Nh7
22. Bg1 Nf6 23. Qe3 Nh5 24. Nde2 Rb8 25. h3 Qc7 26. Rd1 Rg6 27. Bh2 Kf8 28.
Rcd2 Be8 29. f4 gxf4 30. Nxf4 Ng3+ 31. Kg1 Rg7 32. Bxg3 Rxg3 33. Qf2 Kg8 34.
Nfe2 Rg7 35. Kh1 Qc5 36. Ng1 Rg3 37. Qxc5 bxc5 38. Nge2 Rg5 39. Nc1 Bc6 40. Nd3
Bf6 41. Ne1 Rg3 42. Ne2 Re3 43. Rxd6 Be7 44. R6d2 Rxe4 45. Ng1 a5 46. Ngf3 a4
47. Nxe5 Rxe5 48. Nd3 Re3 49. Kg1 axb3 50. Rb1 Ba4 51. Nc1 Bg5 52. Nxb3 Rexb3
53. Rxb3 Bxb3 54. Rb2 Ra8 55. Rxb3 Rxa2 56. Rf3 Kg7 57. Bd3 f5 58. Bf1 Kf6 59.
Bd3 Ke5 60. Bf1 Ke4 61. Bd3+ Kd4 62. Bf1 Be3+ 63. Kh2 f4 1-0

[Event "Bundesliga 9596"]
[Site "Deutschland"]
[Date "1996.??.??"]
[Round "?.8"]
[White "Zysk, Robert"]
[Black "Schimpf, Markus"]
[Result "1-0"]
[WhiteElo "2440"]
[BlackElo "2200"]
[PlyCount "53"]
[EventDate "1995.10.??"]
[EventType "team"]
[EventRounds "15"]
[EventCountry "GER"]
[SourceTitle "Bundesliga 9596"]
[Source "DeepChess"]
[SourceDate "2005.01.01"]
[SourceVersion "1"]
[SourceVersionDate "2005.01.01"]
[SourceQuality "1"]
[WhiteTeam "SG 1868 Aljech. Solingen"]
[BlackTeam "Muenchener SC 1836 e.V."]
[WhiteTeamCountry "GER"]
[BlackTeamCountry "GER"]

1. Nf3 d5 2. c4 c6 3. e3 Nf6 4. Nc3 e6 5. Qc2 Nbd7 6. b3 Bd6 7. Bb2 O-O 8. Be2
a6 9. d4 dxc4 10. bxc4 c5 11. O-O cxd4 12. exd4 Qc7 13. Ne4 Nxe4 14. Qxe4 Nf6
15. Qh4 Be7 16. Rfd1 b6 17. Rac1 Bb7 18. d5 Nxd5 19. Ng5 h6 20. cxd5 Qb8 21.
dxe6 Bxg5 22. Qd4 Bf6 23. Qxb6 Bxb2 24. Qxb2 f6 25. Rb1 Be4 26. e7 Bxb1 27.
exf8=Q+ 1-0

[Event "Bundesliga 9596"]
[Site "Deutschland"]
[Date "1996.??.??"]
[Round "?.3"]
[White "Schmittdiel, Eckhard"]
[Black "Sandor, Christian"]
[Result "1-0"]
[WhiteElo "2430"]
[BlackElo "2380"]
[PlyCount "77"]
[EventDate "1995.10.??"]
[EventType "team"]
[EventRounds "15"]
[EventCountry "GER"]
[SourceTitle "Bundesliga 9596"]
[Source "DeepChess"]
[SourceDate "2005.01.01"]
[SourceVersion "1"]
[SourceVersionDate "2005.01.01"]
[SourceQuality "1"]
[WhiteTeam "SG Bochum 31"]
[BlackTeam "Muenchener SC 1836 e.V."]
[WhiteTeamCountry "GER"]
[BlackTeamCountry "GER"]

1. c4 c5 2. g3 g6 3. Bg2 Bg7 4. Nc3 Nc6 5. a3 a6 6. Rb1 Rb8 7. b4 cxb4 8. axb4
b5 9. cxb5 axb5 10. Nf3 Nf6 11. O-O O-O 12. d4 d5 13. Ne5 Nxe5 14. dxe5 Ng4 15.
Nxd5 e6 16. Nf6+ Nxf6 17. Qxd8 Rxd8 18. Bg5 Bb7 19. Bxb7 Rxb7 20. Bxf6 Bxf6 21.
exf6 Rbd7 22. Rfc1 Rd2 23. Kf1 h6 24. Rc5 Ra2 25. Rxb5 Rdd2 26. Re5 g5 27. h4
gxh4 28. gxh4 Rab2 29. Rxb2 Rxb2 30. Rb5 h5 31. e4 Kh7 32. Rxh5+ Kg6 33. Rb5
Kxf6 34. Kg2 Kg6 35. Kg3 Re2 36. f3 Rb2 37. Kf4 Rb3 38. Rb7 f6 39. Rb6 1-0

[Event "Bundesliga 9596"]
[Site "Deutschland"]
[Date "1996.??.??"]
[Round "?.4"]
[White "Ankerst, Mihael"]
[Black "Backwinkel, Paul"]
[Result "1-0"]
[WhiteElo "2295"]
[BlackElo "2410"]
[PlyCount "55"]
[EventDate "1995.10.??"]
[EventType "team"]
[EventRounds "15"]
[EventCountry "GER"]
[SourceTitle "Bundesliga 9596"]
[Source "DeepChess"]
[SourceDate "2005.01.01"]
[SourceVersion "1"]
[SourceVersionDate "2005.01.01"]
[SourceQuality "1"]
[WhiteTeam "Muenchener SC 1836 e.V."]
[BlackTeam "SG Bochum 31"]
[WhiteTeamCountry "GER"]
[BlackTeamCountry "GER"]

1. e4 e6 2. d4 d5 3. Nc3 Bb4 4. e5 b6 5. a3 Bf8 6. Bb5+ c6 7. Ba4 Ba6 8. Nce2
Bb5 9. Bxb5 cxb5 10. Nf3 Nc6 11. O-O Nge7 12. Nf4 h5 13. g3 Qd7 14. Qd3 Na5 15.
b3 Nf5 16. Bd2 Be7 17. Nxh5 Rxh5 18. g4 Rh8 19. gxf5 exf5 20. e6 Qxe6 21. Rae1
Qg6+ 22. Kh1 Kf8 23. Re5 Rd8 24. Rxf5 Bf6 25. Rg1 Qh7 26. Bb4+ Kg8 27. Bxa5
bxa5 28. Rxf6 1-0

[Event "Bundesliga 9596"]
[Site "Deutschland"]
[Date "1996.??.??"]
[Round "?.5"]
[White "Sonntag, Hans Hubert"]
[Black "Riedel, Wolfgang"]
[Result "1/2-1/2"]
[WhiteElo "2405"]
[BlackElo "2350"]
[PlyCount "92"]
[EventDate "1995.10.??"]
[EventType "team"]
[EventRounds "15"]
[EventCountry "GER"]
[SourceTitle "Bundesliga 9596"]
[Source "DeepChess"]
[SourceDate "2005.01.01"]
[SourceVersion "1"]
[SourceVersionDate "2005.01.01"]
[SourceQuality "1"]
[WhiteTeam "SG Bochum 31"]
[BlackTeam "Muenchener SC 1836 e.V."]
[WhiteTeamCountry "GER"]
[BlackTeamCountry "GER"]

1. d4 Nf6 2. c4 g6 3. Nc3 Bg7 4. Nf3 d6 5. h3 O-O 6. Bf4 Nfd7 7. e3 e5 8. Bh2
Nc6 9. Be2 f5 10. O-O h6 11. dxe5 dxe5 12. Qd2 g5 13. Rfd1 f4 14. Ne1 Nf6 15.
Qxd8 Nxd8 16. Rac1 c6 17. Nd3 Nf7 18. Nc5 b6 19. N5e4 Bf5 20. Bf3 Rac8 21. b3
Nxe4 22. Bxe4 Be6 23. Bf3 Rfd8 24. Kf1 Bf8 25. Rxd8 Nxd8 26. Ke2 Be7 27. Bg1
Nb7 28. Bg4 Kf7 29. Rd1 Rd8 30. Rxd8 Nxd8 31. Ne4 b5 32. exf4 exf4 33. f3 a6
34. Kd3 Bxg4 35. hxg4 Ne6 36. Bb6 Nf8 37. Bf2 Nd7 38. Bd4 Ke6 39. Bg7 Kf7 40.
Bd4 Ke6 41. a4 bxa4 42. bxa4 c5 43. Bg7 Kf7 44. Bc3 Ke6 45. Bg7 Kf7 46. Bc3 Ke6
1/2-1/2

[Event "Bundesliga 9596"]
[Site "Deutschland"]
[Date "1996.??.??"]
[Round "?.6"]
[White "Lentrodt, Thomas"]
[Black "Reschke, Stefan"]
[Result "1/2-1/2"]
[WhiteElo "2265"]
[BlackElo "2385"]
[PlyCount "163"]
[EventDate "1995.10.??"]
[EventType "team"]
[EventRounds "15"]
[EventCountry "GER"]
[SourceTitle "Bundesliga 9596"]
[Source "DeepChess"]
[SourceDate "2005.01.01"]
[SourceVersion "1"]
[SourceVersionDate "2005.01.01"]
[SourceQuality "1"]
[WhiteTeam "Muenchener SC 1836 e.V."]
[BlackTeam "SG Bochum 31"]
[WhiteTeamCountry "GER"]
[BlackTeamCountry "GER"]

1. Nf3 Nf6 2. c4 g6 3. g3 Bg7 4. Bg2 O-O 5. O-O d6 6. Nc3 e5 7. d3 c6 8. Rb1
Re8 9. b4 a6 10. a4 d5 11. cxd5 Nxd5 12. Nxd5 cxd5 13. b5 axb5 14. axb5 f6 15.
Nd2 Be6 16. Qb3 Qd6 17. Bb2 Nd7 18. Ra1 Bf8 19. Rxa8 Rxa8 20. Ra1 Rxa1+ 21.
Bxa1 Nb6 22. Bb2 Qb4 23. Qxb4 Bxb4 24. Nb1 Kf7 25. f4 Bc5+ 26. Kh1 exf4 27.
gxf4 Be3 28. Ba3 Bxf4 29. Bc5 Na4 30. Bb4 Be5 31. e3 Bb2 32. Kg1 Nb6 33. Nc3
Bxc3 34. Bxc3 Nc8 35. Bd4 b6 36. e4 Bd7 37. exd5 Bxb5 38. d6 Nxd6 39. Bxb6 Bxd3
40. Bd5+ Kg7 41. Kf2 g5 42. Bc7 Nf5 43. Be6 Nh4 44. Bg3 Ng6 45. Ke3 Bb1 46. Bb3
h5 47. Be1 h4 48. Bc3 Ne5 49. Kf2 Be4 50. Bd1 Kg6 51. Be2 Bd5 52. Ke3 Kf5 53.
Kf2 g4 54. Ba5 Bf3 55. Ba6 Kg6 56. Bf1 Be4 57. Bc7 Kf5 58. Ba5 Nf3 59. Bc7 Ng5
60. Ke3 Bb1 61. Ba6 Kg6 62. Bb5 Ba2 63. Be8+ Bf7 64. Bd7 Be6 65. Be8+ Kf5 66.
Bc6 Bc8 67. Ba8 Bd7 68. Bb7 Kg6 69. Bd5 f5 70. Bd6 Be6 71. Bc6 Ba2 72. Bc7 Ne6
73. Bd6 Kf6 74. Bb7 Bb1 75. Bd5 Ng5 76. Bc7 Ke7 77. Bf4 Nh3 78. Be5 Bc2 79. Bg2
Ng5 80. Bf4 Kf6 81. Bc7 Ne6 82. Bf1 1/2-1/2

[Event "Bundesliga 9596"]
[Site "Deutschland"]
[Date "1996.??.??"]
[Round "?.8"]
[White "Mueller, Marcus"]
[Black "Buenermann, Volker"]
[Result "0-1"]
[WhiteElo "2094"]
[BlackElo "2280"]
[PlyCount "96"]
[EventDate "1995.10.??"]
[EventType "team"]
[EventRounds "15"]
[EventCountry "GER"]
[SourceTitle "Bundesliga 9596"]
[Source "DeepChess"]
[SourceDate "2005.01.01"]
[SourceVersion "1"]
[SourceVersionDate "2005.01.01"]
[SourceQuality "1"]
[WhiteTeam "Muenchener SC 1836 e.V."]
[BlackTeam "SG Bochum 31"]
[WhiteTeamCountry "GER"]
[BlackTeamCountry "GER"]

1. Nf3 Nf6 2. c4 g6 3. b3 Bg7 4. Bb2 O-O 5. g3 d6 6. d4 c5 7. dxc5 Qa5+ 8. Qd2
Qxc5 9. Nc3 Nc6 10. Bg2 Bg4 11. O-O a6 12. h3 Bd7 13. Rad1 Rfc8 14. Na4 Qa7 15.
Nd4 Rab8 16. Nxc6 Bxc6 17. Bd4 b6 18. Bxc6 Rxc6 19. Qe3 Qc7 20. Rc1 e5 21. Ba1
b5 22. cxb5 axb5 23. Rxc6 Qxc6 24. Nc3 b4 25. Na4 Qc2 26. Bb2 Qf5 27. Kg2 Re8
28. Qf3 Qe6 29. e4 d5 30. exd5 Nxd5 31. Rc1 e4 32. Qe2 Bxb2 33. Nxb2 e3 34.
fxe3 Nxe3+ 35. Kh2 h5 36. Qf3 h4 37. Nc4 hxg3+ 38. Qxg3 Nf5 39. Qf2 Qd5 40. Re1
Rd8 41. Qf4 Qd3 42. Rf1 Re8 43. Rf2 Re1 44. Nd2 Re3 45. Nf3 Qd5 46. Qg4 Qd6+
47. Kg2 Rxb3 48. Qe4 Qg3+ 0-1

[Event "Bundesliga 9596"]
[Site "Deutschland"]
[Date "1996.??.??"]
[Round "?.1"]
[White "Hertneck, Gerald"]
[Black "Lutz, Christopher"]
[Result "1/2-1/2"]
[WhiteElo "2575"]
[BlackElo "2555"]
[PlyCount "33"]
[EventDate "1995.10.??"]
[EventType "team"]
[EventRounds "15"]
[EventCountry "GER"]
[SourceTitle "Bundesliga 9596"]
[Source "DeepChess"]
[SourceDate "2005.01.01"]
[SourceVersion "1"]
[SourceVersionDate "2005.01.01"]
[SourceQuality "1"]
[WhiteTeam "Muenchener SC 1836 e.V."]
[BlackTeam "SG Porz e.V."]
[WhiteTeamCountry "GER"]
[BlackTeamCountry "GER"]

1. d4 Nf6 2. Nf3 d5 3. c4 e6 4. Nc3 Be7 5. Bg5 h6 6. Bh4 O-O 7. e3 b6 8. Bd3
Bb7 9. Bxf6 Bxf6 10. cxd5 exd5 11. b4 c5 12. bxc5 bxc5 13. Rb1 cxd4 14. Nxd4
Bxd4 15. exd4 Re8+ 16. Ne2 Ba6 17. O-O 1/2-1/2

[Event "Bundesliga 9596"]
[Site "Deutschland"]
[Date "1996.??.??"]
[Round "?.2"]
[White "Huebner, Robert"]
[Black "Atlas, Valeri"]
[Result "1/2-1/2"]
[WhiteElo "2635"]
[BlackElo "2440"]
[PlyCount "44"]
[EventDate "1995.10.??"]
[EventType "team"]
[EventRounds "15"]
[EventCountry "GER"]
[SourceTitle "Bundesliga 9596"]
[Source "DeepChess"]
[SourceDate "2005.01.01"]
[SourceVersion "1"]
[SourceVersionDate "2005.01.01"]
[SourceQuality "1"]
[WhiteTeam "SG Porz e.V."]
[BlackTeam "Muenchener SC 1836 e.V."]
[WhiteTeamCountry "GER"]
[BlackTeamCountry "GER"]

1. d4 Nf6 2. Nf3 e6 3. g3 c5 4. Bg2 a6 5. O-O cxd4 6. Nxd4 Qc7 7. Nb3 Be7 8.
Bf4 d6 9. c4 Nbd7 10. Nc3 O-O 11. Rc1 Ne5 12. Qd4 Ng6 13. Be3 Bd7 14. Rfd1 Rac8
15. Bg5 Bc6 16. e4 Rfd8 17. Nb5 Qb8 18. Na7 Rc7 19. Nxc6 bxc6 20. Bd2 c5 21.
Qc3 Rcc8 22. f4 Nd7 1/2-1/2

[Event "Bundesliga 9596"]
[Site "Deutschland"]
[Date "1996.??.??"]
[Round "?.3"]
[White "Pezerovic, Edin"]
[Black "Christiansen, Larry Mark"]
[Result "1/2-1/2"]
[WhiteElo "2405"]
[BlackElo "2580"]
[PlyCount "120"]
[EventDate "1995.10.??"]
[EventType "team"]
[EventRounds "15"]
[EventCountry "GER"]
[SourceTitle "Bundesliga 9596"]
[Source "DeepChess"]
[SourceDate "2005.01.01"]
[SourceVersion "1"]
[SourceVersionDate "2005.01.01"]
[SourceQuality "1"]
[WhiteTeam "Muenchener SC 1836 e.V."]
[BlackTeam "SG Porz e.V."]
[WhiteTeamCountry "GER"]
[BlackTeamCountry "GER"]

1. Nf3 c5 2. c3 Nf6 3. d4 e6 4. Bf4 b6 5. Nbd2 Bb7 6. e3 Be7 7. Bd3 O-O 8. Qe2
Nc6 9. a3 d6 10. O-O Nh5 11. Bg3 Nxg3 12. hxg3 g6 13. Ba6 Qc8 14. Bxb7 Qxb7 15.
Qd3 Rad8 16. Rfe1 d5 17. Ne5 Nxe5 18. dxe5 Qc7 19. Nf3 Rd7 20. e4 Rfd8 21. exd5
Rxd5 22. Qc4 Bf8 23. Re2 Bg7 24. Rae1 h6 25. Re4 Rd1 26. R4e2 Qb7 27. Kh2 g5
28. g4 Qd5 29. Qxd5 R8xd5 30. Kg1 Rxe1+ 31. Rxe1 c4 32. Kf1 b5 33. Re4 a6 34.
Ke2 Kf8 35. Re3 Ke7 36. Re4 Kd7 37. Re3 Kc7 38. Re4 Kb6 39. Ke1 Kc5 40. Ke2 a5
41. g3 Kb6 42. Ke1 Bf8 43. Ke2 Bc5 44. a4 Rd7 45. axb5 Kxb5 46. Nd2 Bxf2 47.
Nxc4 Bxg3 48. Nd6+ Ka6 49. Nc4 Bf4 50. Rd4 Rxd4 51. cxd4 a4 52. Kd3 Ka7 53. Nd6
f6 54. Nb5+ Kb6 55. Nc3 fxe5 56. Nxa4+ Kc6 57. Ke4 exd4 58. Kxd4 Bd6 59. Kc4
Bf8 60. b4 Bxb4 1/2-1/2

[Event "Bundesliga 9596"]
[Site "Deutschland"]
[Date "1996.??.??"]
[Round "?.4"]
[White "Vaganian, Rafael A"]
[Black "Sandor, Christian"]
[Result "1/2-1/2"]
[WhiteElo "2615"]
[BlackElo "2380"]
[PlyCount "72"]
[EventDate "1995.10.??"]
[EventType "team"]
[EventRounds "15"]
[EventCountry "GER"]
[SourceTitle "Bundesliga 9596"]
[Source "DeepChess"]
[SourceDate "2005.01.01"]
[SourceVersion "1"]
[SourceVersionDate "2005.01.01"]
[SourceQuality "1"]
[WhiteTeam "SG Porz e.V."]
[BlackTeam "Muenchener SC 1836 e.V."]
[WhiteTeamCountry "GER"]
[BlackTeamCountry "GER"]

1. Nf3 c5 2. c4 g6 3. e4 Nc6 4. d4 cxd4 5. Nxd4 Nf6 6. Nc3 d6 7. Be2 Nxd4 8.
Qxd4 Bg7 9. Bg5 Qa5 10. Qd2 Be6 11. Rc1 O-O 12. f3 Rfc8 13. Nd5 Qxd2+ 14. Kxd2
Nxd5 15. exd5 Bd7 16. b3 e6 17. dxe6 Bxe6 18. Bd3 d5 19. cxd5 Bxd5 20. Rxc8+
Rxc8 21. Rc1 Rxc1 22. Kxc1 Be5 23. h3 f6 24. Be3 a6 25. Kd2 Kf7 26. Ke2 Ke6 27.
g4 Kf7 28. Kf2 h5 29. f4 Bd6 30. gxh5 gxh5 31. h4 Ke7 32. Kg3 Bf7 33. Be4 b5
34. Bb6 Bb4 35. Kf2 a5 36. Bc6 a4 1/2-1/2

[Event "Bundesliga 9596"]
[Site "Deutschland"]
[Date "1996.??.??"]
[Round "?.5"]
[White "Riedel, Wolfgang"]
[Black "Stangl, Markus"]
[Result "1/2-1/2"]
[WhiteElo "2350"]
[BlackElo "2565"]
[PlyCount "50"]
[EventDate "1995.10.??"]
[EventType "team"]
[EventRounds "15"]
[EventCountry "GER"]
[SourceTitle "Bundesliga 9596"]
[Source "DeepChess"]
[SourceDate "2005.01.01"]
[SourceVersion "1"]
[SourceVersionDate "2005.01.01"]
[SourceQuality "1"]
[WhiteTeam "Muenchener SC 1836 e.V."]
[BlackTeam "SG Porz e.V."]
[WhiteTeamCountry "GER"]
[BlackTeamCountry "GER"]

1. d4 d5 2. c4 e6 3. Nc3 c6 4. e3 f5 5. g4 fxg4 6. Qxg4 Nf6 7. Qg2 c5 8. dxc5
Nc6 9. Bd2 Qd7 10. O-O-O Bxc5 11. Nf3 O-O 12. Rg1 Qe7 13. cxd5 Nb4 14. dxe6
Bxe6 15. Ng5 Nxa2+ 16. Kb1 Nxc3+ 17. Bxc3 Bb3 18. Bd3 Bxd1 19. Rxd1 Rad8 20.
Bc4+ Kh8 21. Rxd8 Qxd8 22. Nf7+ Rxf7 23. Bxf7 Qd1+ 24. Ka2 Qa4+ 25. Kb1 Qd1+
1/2-1/2

[Event "Bundesliga 9596"]
[Site "Deutschland"]
[Date "1996.??.??"]
[Round "?.6"]
[White "Hickl, Joerg"]
[Black "Reich, Thomas"]
[Result "1-0"]
[WhiteElo "2580"]
[BlackElo "2400"]
[PlyCount "91"]
[EventDate "1995.10.??"]
[EventType "team"]
[EventRounds "15"]
[EventCountry "GER"]
[SourceTitle "Bundesliga 9596"]
[Source "DeepChess"]
[SourceDate "2005.01.01"]
[SourceVersion "1"]
[SourceVersionDate "2005.01.01"]
[SourceQuality "1"]
[WhiteTeam "SG Porz e.V."]
[BlackTeam "Muenchener SC 1836 e.V."]
[WhiteTeamCountry "GER"]
[BlackTeamCountry "GER"]

1. e4 e6 2. Nc3 d5 3. d4 dxe4 4. Nxe4 Bd7 5. Nf3 Bc6 6. Ned2 Nf6 7. Bd3 g6 8.
b3 Bg7 9. Ba3 Bf8 10. Bb2 Bg7 11. O-O Nbd7 12. c4 O-O 13. Qc2 a5 14. Rad1 a4
15. Rfe1 Bxf3 16. Nxf3 c6 17. b4 a3 18. Bc1 b5 19. cxb5 cxb5 20. Bxb5 Nd5 21.
Qb3 Rb8 22. Bxd7 Qxd7 23. Bxa3 Rb5 24. Rc1 Ra8 25. Rc4 Qa7 26. Bc1 Bf6 27. a3
Kg7 28. Rc5 Rb6 29. Qd3 Rd6 30. g3 Rdd8 31. Bb2 h5 32. h4 Ne7 33. Qe4 Qa4 34.
Qc2 Rd7 35. Qxa4 Rxa4 36. Rec1 Nd5 37. Ne5 Rda7 38. Rc6 Rxa3 39. Bxa3 Rxa3 40.
Rb1 Nc3 41. Rxc3 Rxc3 42. b5 Rc7 43. Kg2 Be7 44. b6 Rb7 45. Nc6 Bd6 46. Na5 1-0